Solid state physics / (Record no. 29897)

000 -LEADER
fixed length control field 00557 a2200169 4500
020 ## - INTERNATIONAL STANDARD BOOK NUMBER
International Standard Book Number 9056992732
020 ## - INTERNATIONAL STANDARD BOOK NUMBER
International Standard Book Number 9789056992736
082 ## - DEWEY DECIMAL CLASSIFICATION NUMBER
Classification number 530.41
090 ## - LOCALLY ASSIGNED LC-TYPE CALL NUMBER (OCLC); LOCAL CALL NUMBER (RLIN)
-- 1284
-- 1284
100 1# - MAIN ENTRY--PERSONAL NAME
Personal name Rogalski, Mircea S.
245 10 - TITLE STATEMENT
Title Solid state physics /
Statement of responsibility, etc. Mircea S. Rogalski, Stuart B. Palmer.
260 ## - PUBLICATION, DISTRIBUTION, ETC.
Place of publication, distribution, etc. [S.l.] :
Name of publisher, distributor, etc. CRC Press,
Date of publication, distribution, etc. 2000.
300 ## - PHYSICAL DESCRIPTION
Extent 478 p. ;
Dimensions 25 cm.
700 1# - ADDED ENTRY--PERSONAL NAME
Personal name Palmer, Stuart B.
942 ## - ADDED ENTRY ELEMENTS (KOHA)
Institution code [OBSOLETE] SNS
Koha item type Book
Call number prefix 530.41 ROG
Holdings
Withdrawn status Lost status Damaged status Not for loan Permanent Location Current Location Date acquired Total Checkouts Full call number Barcode Checked out Date last seen Date last checked out Price effective from Koha item type
        School of Natural Sciences (SNS) School of Natural Sciences (SNS) 05/26/2016 1 530.41 ROG SNS0001320 03/01/2019 01/18/2019 01/18/2019 05/26/2016 Book
© 2023 Central Library, National University of Sciences and Technology. All Rights Reserved.